Vývoj hodnôt niektorých ukazovateľov v slovenskom vysokom školstve
Zostavenie pomerne nenáročnej modelovej nadstavby nad údajovou základňou a ako sa jej prostredníctvom dajú z databázy vyťažiť dodatočné informácie, ktoré môžu prehĺbiť poznatky o vysokom školstve. Systém štatistického výkazníctva a na jeho základe vytváranie informačných systémov slovenskom školstve...
Enregistré dans:
| Auteur principal: | |
|---|---|
| Autres auteurs: | |
| Format: | Chapitre de livre |
| Langue: | slovaque |
| Sujets: | |
| Tags: |
Pas de tags, Soyez le premier à ajouter un tag!
|
MARC
| LEADER | 00000naa$a2200000$$$4500 | ||
|---|---|---|---|
| 001 | 0030450 | ||
| 005 | 20231013113106.1 | ||
| 041 | 0 | |a slo | |
| 044 | |a SK | ||
| 245 | 1 | 0 | |a Vývoj hodnôt niektorých ukazovateľov v slovenskom vysokom školstve |c Ivan Rais, Júlia Hrušovská |
| 520 | |a Zostavenie pomerne nenáročnej modelovej nadstavby nad údajovou základňou a ako sa jej prostredníctvom dajú z databázy vyťažiť dodatočné informácie, ktoré môžu prehĺbiť poznatky o vysokom školstve. Systém štatistického výkazníctva a na jeho základe vytváranie informačných systémov slovenskom školstve. | ||
| 610 | 2 | 0 | |a ukazovatele štatistické |
| 610 | 2 | 0 | |a školstvo |
| 610 | 2 | 0 | |a školy vysoké |
| 610 | 2 | 0 | |a výkazníctvo štatistické |
| 610 | 2 | 0 | |a štúdium denné |
| 610 | 2 | 0 | |a štúdium doktorandské |
| 100 | 1 | |a Rais, Ivan | |
| 700 | 1 | |a Hrušovská, Júlia | |